01156nam a2200277 a 4500001001200000003000800012006001900020007001500039008004100054020001800095040002100113035002100134043001200155050002400167100002200191245013900213260003400352300004300386504005100429533015200480650005700632655002900689710001700718856012600735999001700861ebr10254906CaPaEBRm u cr cn|||||||||090430s2008 enkaf sb 001 0 eng d z9781845115081 aCaPaEBRcCaPaEBR a(OCoLC)298838450 ae-uk---14aBF1581b.A46 2008eb1 aAlmond, Philip C.14aThe witches of warboysh[electronic resource] :ban extraordinary story of sorcery, sadism and satanic possession /cPhilip C. Almond. aLondon :bI.B. Tauris,c2008. axvi, 222 p., [16] p. of plates :bill. aIncludes bibliographical references and index. aElectronic reproduction.bPalo Alto, Calif. :cebrary,d2013.nAvailable via World Wide Web.nAccess may be limited to ebrary affiliated libraries. 0aWitchcraftzEnglandzWarboysxHistoryy16th century. 7aElectronic books.2local2 aebrary, Inc.40uhttp://site.ebrary.com/lib/rucke/Doc?id=10254906zAn electronic book accessible through the World Wide Web; click to view c14669d14669